| 000 | 00540nam a22001697a 4500 | ||
|---|---|---|---|
| 003 | OSt | ||
| 005 | 20260127142817.0 | ||
| 008 | 260127b |||||||| |||| 00| 0 eng d | ||
| 040 | _cMRSPTU | ||
| 041 | _aENG | ||
| 100 | _aMankita, Supervisor: Dr. Paramjeet Singh | ||
| 245 | _aLeach-Based Algorithm to Improve Energy Consumption in Wireless Sensor Network | ||
| 260 |
_b Department of CSE, MRSPTU, Bathinda _c2017 |
||
| 650 | _aComputer Science | ||
| 856 | _uhttp://163.47.215.52:8080/jspui/handle/123456789/411 | ||
| 942 |
_2ddc _cTH _n0 |
||
| 999 |
_c10758 _d10758 |
||